[Event "Bhubaneswar SOA op 1st"]
[Site "Bhubaneswar"]
[Date "2024.02.01"]
[Round "7"]
[White "Ritviz, Parab"]
[Black "Rajesh, VAV"]
[Result "1/2-1/2"]
[WhiteElo "2391"]
[BlackElo "2331"]
[PlyCount "82"]
[EventDate "2024.01.28"]
[EventType "swiss"]
[EventRounds "10"]
[EventCountry "IND"]
[SourceTitle "CB06_2024"]
[SourceDate "2024.02.07"]
[SourceVersion "1"]
[SourceVersionDate "2024.02.07"]
[SourceQuality "1"]

1. e4 e5 2. Nf3 Nc6 3. Bc4 Bc5 4. 0-0 Nf6 5. d3 d6 6. c3 h6 7. Re1 Qe7 8. Nbd2 a6 9. Nf1 Be6 10. b4 Ba7 11. Be3 0-0 12. Bxa7 Nxa7 13. Ne3 c6 14. Bb3 Nb5 15. Bxe6 Qxe6 16. a4 Nc7 17. a5 Rad8 18. Nc4 Rfe8 19. Qd2 Nh5 20. Nh4 d5 21. exd5 Qxd5 22. Rad1 Nf4 23. Nxe5 Rxe5 24. Qxf4 Rxe1+ 25. Rxe1 Ne6 26. Qe3 Qxd3 27. g3 Qc4 28. Qe5 Qd5 29. Nf5 Qf3 30. Nh4 Qd5 31. Nf5 Qxe5 32. Rxe5 Rd3 33. Re3 Rd1+ 34. Kg2 Kf8 35. Re4 Rd5 36. Nd4 Ke7 37. Kf3 c5 38. Nxe6 fxe6 39. Ke3 Kd6 40. h4 cxb4 41. cxb4 Ke7 1/2-1/2

[Event "Bhubaneswar SOA op 1st"]
[Site "Bhubaneswar"]
[Date "2024.02.01"]
[Round "6"]
[White "Soham, Kamotra"]
[Black "Ritviz, Parab"]
[Result "1-0"]
[WhiteElo "2348"]
[BlackElo "2391"]
[PlyCount "113"]
[EventDate "2024.01.28"]
[EventType "swiss"]
[EventRounds "10"]
[EventCountry "IND"]
[SourceTitle "CB06_2024"]
[SourceDate "2024.02.07"]
[SourceVersion "1"]
[SourceVersionDate "2024.02.07"]
[SourceQuality "1"]

1. c4 Nf6 2. g3 e6 3. Bg2 d5 4. Nf3 Be7 5. 0-0 0-0 6. b3 b6 7. d4 c6 8. Bb2 Ba6 9. Nbd2 Nbd7 10. Ne5 Rc8 11. Re1 Nxe5 12. dxe5 Nd7 13. Rc1 b5 14. cxd5 cxd5 15. Rxc8 Qxc8 16. e4 d4 17. Bxd4 Bb4 18. Re3 Rd8 19. Nf3 Bb7 20. Qe2 Qc1+ 21. Bf1 Nc5 22. Bb2 Qb1 23. a3 Ba5 24. b4 Na4 25. bxa5 Qxb2 26. Qxb2 Nxb2 27. Bxb5 a6 28. Be2 Na4 29. Ne1 Rc8 30. f3 Rc5 31. Rb3 Rc7 32. Kf2 Kf8 33. Rb4 Nc5 34. Rc4 Ke7 35. Ke3 Kd8 36. Rb4 Nd7 37. Nd3 Kc8 38. Kd2 Nb8 39. Rb6 Nd7 40. Rd6 Nc5 41. Nxc5 Rxc5 42. Bxa6 Bxa6 43. Rxa6 Kb7 44. Rb6+ Kc7 45. Ra6 Kb7 46. Rd6 Rxa5 47. Rd7+ Kc6 48. Rxf7 Rxa3 49. Ke2 g5 50. Rxh7 Ra2+ 51. Ke3 Ra3+ 52. Kf2 Ra2+ 53. Kg1 Kc5 54. Rd7 g4 55. fxg4 Re2 56. g5 Rxe4 57. g6 1-0

[Event "Abu Dhabi op 29th"]
[Site "Abu Dhabi"]
[Date "2023.08.20"]
[Round "5"]
[White "Ebrahimi Herab, Hamidreza"]
[Black "Ritviz, Parab"]
[Result "1/2-1/2"]
[WhiteElo "2302"]
[BlackElo "2369"]
[PlyCount "136"]
[EventDate "2023.08.16"]
[EventType "swiss"]
[EventRounds "9"]
[EventCountry "UAE"]
[SourceTitle "EXT 2024"]
[Source "ChessBase"]
[SourceDate "2023.10.10"]
[SourceVersion "1"]
[SourceVersionDate "2023.10.10"]
[SourceQuality "1"]

1. d4 g6 2. e4 Bg7 3. Nc3 d6 4. Nf3 Nf6 5. Bc4 0-0 6. 0-0 Nxe4 7. Nxe4 d5 8. Bd3 dxe4 9. Bxe4 Nd7 10. Bg5 h6 11. Bh4 Nf6 12. Bd3 b6 13. Bc4 Bb7 14. Ne5 e6 15. c3 c5 16. dxc5 bxc5 17. Qe2 Qc7 18. Rad1 Nh5 19. Rd7 Qxe5 20. Rxb7 Rfb8 21. Rb3 Qxe2 22. Bxe2 Rxb3 23. axb3 Rb8 24. Bc4 g5 25. Bg3 Nxg3 26. hxg3 Rd8 27. Rb1 Be5 28. Kf1 Bc7 29. Ke2 Kg7 30. Ra1 a5 31. Bd3 f5 32. Bc2 Kf6 33. Rd1 Rd5 34. Rh1 Kg7 35. Bd3 Rd6 36. f4 Rb6 37. Bc4 gxf4 38. gxf4 Bxf4 39. Ra1 Rd6 40. Rxa5 Rd2+ 41. Kf3 Bd6 42. Ra6 f4 43. Bxe6 Kf6 44. Bc4 Ke5 45. Ra8 Be7 46. Ra6 Bd6 47. Ra1 Rxb2 48. Re1+ Kf5 49. Re6 Be5 50. Rxh6 Bxc3 51. Rh5+ Kf6 52. Rxc5 Bd4 53. Rd5 Rf2+ 54. Ke4 Bc3 55. Rd6+ Ke7 56. Re6+ Kd7 57. Rg6 Bb4 58. Bd5 Bd6 59. Rg7+ Kc8 60. Be6+ Kb8 61. Kd5 Ba3 62. Kc6 Rc2+ 63. Bc4 Rd2 64. Rg8+ Ka7 65. Rg5 Kb8 66. Rg8+ Ka7 67. Rg6 Kb8 68. Rg8+ Ka7 1/2-1/2

[Event "Abu Dhabi op 29th"]
[Site "Abu Dhabi"]
[Date "2023.08.18"]
[Round "3"]
[White "Nogerbek, Kazybek"]
[Black "Ritviz, Parab"]
[Result "1-0"]
[WhiteElo "2487"]
[BlackElo "2369"]
[PlyCount "63"]
[EventDate "2023.08.16"]
[EventType "swiss"]
[EventRounds "9"]
[EventCountry "UAE"]
[SourceTitle "EXT 2024"]
[Source "ChessBase"]
[SourceDate "2023.10.10"]
[SourceVersion "1"]
[SourceVersionDate "2023.10.10"]
[SourceQuality "1"]

1. d4 g6 2. e4 Bg7 3. Nc3 c6 4. Nf3 d6 5. Bd3 Nf6 6. 0-0 0-0 7. h3 Nbd7 8. Ne2 e5 9. Ng3 exd4 10. Nxd4 d5 11. exd5 Nxd5 12. c3 Nc5 13. Bc2 Re8 14. Nb3 Ne6 15. Re1 a5 16. a4 b6 17. Be4 Ba6 18. Bxd5 cxd5 19. Be3 Qc7 20. Qf3 Rad8 21. Nd4 Qc4 22. Nxe6 Rxe6 23. Red1 Rf6 24. Qe4 Rfd6 25. Qxc4 dxc4 26. Rxd6 Rxd6 27. Ne4 Re6 28. Rd1 Be5 29. Rd7 Kg7 30. Ng5 Rf6 31. f4 Bxf4 32. Bxf4 1-0

[Event "Maharashtra op 2nd"]
[Site "Nagpur"]
[Date "2023.06.06"]
[Round "8"]
[White "Neelash, Saha"]
[Black "Ritviz, Parab"]
[Result "1-0"]
[WhiteElo "2440"]
[BlackElo "2340"]
[PlyCount "89"]
[EventDate "2023.06.01"]
[EventType "swiss"]
[EventRounds "11"]
[EventCountry "IND"]
[SourceTitle "CBM 214 Extra"]
[Source "ChessBase"]
[SourceDate "2023.07.31"]
[SourceVersion "1"]
[SourceVersionDate "2023.07.31"]
[SourceQuality "1"]

1. d4 g6 2. e4 Bg7 3. Nc3 d6 4. Be2 Nf6 5. h4 c5 6. d5 h5 7. Nh3 Na6 8. Ng5 Nc7 9. Bf4 Ng4 10. Qd2 a6 11. Nd1 b5 12. c3 Rb8 13. f3 Ne5 14. Ne3 b4 15. c4 a5 16. Bg3 a4 17. 0-0-0 a3 18. b3 Nd7 19. f4 Bb2+ 20. Kb1 f6 21. Nf3 Nb6 22. Qd3 Kd7 23. e5 Qg8 24. exd6 exd6 25. f5 gxf5 26. Nxf5 Ne8 27. Qe4 Kc7 28. Qe7+ Bd7 29. Bd3 Nc8 30. Qe1 Ng7 31. Nxd6 Nxd6 32. Qf2 Rb6 33. Qxc5+ Kb7 34. Bxd6 Ne8 35. Bf4 Qxg2 36. Be3 Ra6 37. Qxb4+ Ka8 38. Rhf1 Nd6 39. Rf2 Qg7 40. Bf4 Rb8 41. Qd2 Bf5 42. Bxd6 Rxd6 43. c5 Rxd5 44. Qa5+ Kb7 45. Qb6+ 1-0

[Event "Maharashtra op 2nd"]
[Site "Nagpur"]
[Date "2023.06.05"]
[Round "7"]
[White "Ritviz, Parab"]
[Black "Kushagra, Mohan"]
[Result "1/2-1/2"]
[WhiteElo "2340"]
[BlackElo "2400"]
[PlyCount "85"]
[EventDate "2023.06.01"]
[EventType "swiss"]
[EventRounds "11"]
[EventCountry "IND"]
[SourceTitle "CBM 214 Extra"]
[Source "ChessBase"]
[SourceDate "2023.07.31"]
[SourceVersion "1"]
[SourceVersionDate "2023.07.31"]
[SourceQuality "1"]

1. e4 c6 2. d4 d5 3. Nc3 dxe4 4. Nxe4 Bf5 5. Ng3 Bg6 6. h4 h6 7. Nf3 Nd7 8. h5 Bh7 9. Bd3 Bxd3 10. Qxd3 e6 11. Bf4 Qa5+ 12. Bd2 Bb4 13. a3 Bxd2+ 14. Nxd2 Ngf6 15. 0-0-0 0-0-0 16. Nc4 Qc7 17. Qe2 c5 18. Ne5 Rhf8 19. Nxd7 Rxd7 20. dxc5 Qxc5 21. Rxd7 Nxd7 22. Ne4 Qc7 23. Rd1 Kb8 24. Nd6 Nf6 25. Qe5 Rd8 26. Rd2 Rd7 27. Nxf7 Rxd2 28. Kxd2 Qxe5 29. Nxe5 Nxh5 30. Ke3 Kc7 31. c4 b6 32. b4 Kd6 33. Ke4 a5 34. g3 axb4 35. axb4 Nf6+ 36. Kd4 Kc7 37. Nd3 Nd7 38. c5 b5 39. Ne5 Nf6 40. Ng6 Kd7 41. Ne5+ Kc7 42. Ng6 Kd7 43. f4 1/2-1/2

[Event "Asian Continental Blitz op 19th"]
[Site "Delhi"]
[Date "2022.11.03"]
[Round "2"]
[White "Ajay, Karthikeyan"]
[Black "Ritviz, Parab"]
[Result "0-1"]
[WhiteElo "2441"]
[BlackElo "2331"]
[PlyCount "56"]
[EventDate "2022.11.03"]
[EventType "swiss (blitz)"]
[EventRounds "9"]
[EventCountry "IND"]
[SourceTitle "EXT 2024"]
[Source "ChessBase"]
[SourceDate "2023.10.10"]
[SourceVersion "1"]
[SourceVersionDate "2023.10.10"]
[SourceQuality "1"]

1. e4 e5 2. Nf3 d6 3. d4 Bg4 4. dxe5 Nd7 5. exd6 Bxd6 6. Be2 Ngf6 7. Bg5 Qe7 8. Nbd2 0-0-0 9. c3 h6 10. Bxf6 Nxf6 11. Qa4 Kb8 12. h3 Bh5 13. Nd4 Bf4 14. Bxh5 Bxd2+ 15. Kxd2 Nxh5 16. Kc1 Qxe4 17. f3 Qf4+ 18. Kb1 c5 19. g4 cxd4 20. gxh5 Qxf3 21. Rc1 dxc3 22. bxc3 Rd2 23. Rc2 Rxc2 24. Qxc2 Re8 25. Qd2 Qxh5 26. a4 Qxh3 27. Ra2 Qf1+ 28. Kc2 Re2 0-1

[Event "Asian Continental Blitz op 19th"]
[Site "Delhi"]
[Date "2022.11.03"]
[Round "9"]
[White "Ritviz, Parab"]
[Black "Shyam, Sundar M"]
[Result "1/2-1/2"]
[WhiteElo "2331"]
[BlackElo "2518"]
[PlyCount "93"]
[EventDate "2022.11.03"]
[EventType "swiss (blitz)"]
[EventRounds "9"]
[EventCountry "IND"]
[SourceTitle "EXT 2024"]
[Source "ChessBase"]
[SourceDate "2023.10.10"]
[SourceVersion "1"]
[SourceVersionDate "2023.10.10"]
[SourceQuality "1"]

1. e4 c6 2. d4 d5 3. Nc3 dxe4 4. Nxe4 Nf6 5. Nxf6+ gxf6 6. c3 Bf5 7. Nf3 e6 8. g3 Nd7 9. Bg2 Bg7 10. 0-0 0-0 11. Re1 Bg6 12. Bf4 a5 13. Qb3 Qb6 14. Bd6 Rfe8 15. Nd2 a4 16. Qxb6 Nxb6 17. b3 Bh6 18. f4 Bf8 19. Bxf8 Kxf8 20. Ne4 Bxe4 21. Bxe4 f5 22. Bf3 Nd5 23. Bxd5 cxd5 24. c4 Ra5 25. b4 Raa8 26. c5 a3 27. Re3 Ke7 28. Rb1 Ra4 29. Reb3 Kd7 30. Kf2 Kc6 31. b5+ Kc7 32. Rb4 Rea8 33. Ke3 h5 34. Kd3 R4a5 35. Kc3 h4 36. Rg1 Rg8 37. Rb3 Ra4 38. Rb4 Ra5 39. Kb3 hxg3 40. Rxg3 Rh8 41. Rg7 Rh3+ 42. Kc2 Rxh2+ 43. Kb1 Rh1+ 44. Kc2 Rh2+ 45. Kb1 Rh1+ 46. Kc2 Rh2+ 47. Kb1 1/2-1/2

[Event "Asian Continental op 19th"]
[Site "Delhi"]
[Date "2022.11.02"]
[Round "8"]
[White "Srihari, LR."]
[Black "Ritviz, Parab"]
[Result "1-0"]
[WhiteElo "2436"]
[BlackElo "2337"]
[PlyCount "91"]
[EventDate "2022.10.26"]
[EventType "swiss"]
[EventRounds "9"]
[EventCountry "IND"]
[SourceTitle "EXT 2024"]
[Source "ChessBase"]
[SourceDate "2023.10.10"]
[SourceVersion "1"]
[SourceVersionDate "2023.10.10"]
[SourceQuality "1"]

1. d4 d5 2. c4 e6 3. Nc3 Nf6 4. Nf3 Bb4 5. Qa4+ Nc6 6. e3 0-0 7. Bd2 Re8 8. a3 Bf8 9. Rd1 a6 10. Be2 Ne4 11. 0-0 Nxd2 12. Rxd2 Ne7 13. Qc2 c6 14. e4 b5 15. c5 dxe4 16. Nxe4 Nd5 17. Ne5 Bb7 18. Bd3 g6 19. Nc3 f6 20. Bxg6 fxe5 21. Bxe8 Qxe8 22. dxe5 Qh5 23. Nxd5 exd5 24. f4 Re8 25. Rd3 Bc8 26. Rg3+ Kh8 27. e6 Qh6 28. f5 Bg7 29. Rh3 Bd4+ 30. Kh1 Qf6 31. Rb1 Rg8 32. b4 Rg5 33. Rf3 Kg7 34. Re1 Kf8 35. h3 Be5 36. Qf2 Bc7 37. Rg1 h5 38. g4 hxg4 39. Rxg4 Rxg4 40. hxg4 Qh8+ 41. Kg1 Be5 42. Qe2 a5 43. f6 Bc7 44. g5 Qg8 45. e7+ Kf7 46. e8Q+ 1-0

[Event "Asian Continental op 19th"]
[Site "Delhi"]
[Date "2022.10.31"]
[Round "6"]
[White "Ritviz, Parab"]
[Black "Samant, Aditya S"]
[Result "1/2-1/2"]
[WhiteElo "2337"]
[BlackElo "2467"]
[PlyCount "101"]
[EventDate "2022.10.26"]
[EventType "swiss"]
[EventRounds "9"]
[EventCountry "IND"]
[SourceTitle "EXT 2024"]
[Source "ChessBase"]
[SourceDate "2023.10.10"]
[SourceVersion "1"]
[SourceVersionDate "2023.10.10"]
[SourceQuality "1"]

1. Nf3 Nf6 2. g3 d5 3. Bg2 c6 4. 0-0 Bg4 5. d3 Nbd7 6. h3 Bh5 7. c4 dxc4 8. dxc4 h6 9. Nc3 e6 10. Bf4 Be7 11. Qc2 Bg6 12. e4 Nh5 13. Be3 Qc7 14. Nd4 0-0 15. Rad1 e5 16. Nf5 Bxf5 17. exf5 Nhf6 18. g4 Bc5 19. Bc1 Rfe8 20. Bf3 Rac8 21. Kg2 b5 22. h4 e4 23. Nxe4 Rxe4 24. Bxe4 Nxg4 25. f4 Ndf6 26. Bf3 Ne3+ 27. Bxe3 Bxe3 28. cxb5 Qxf4 29. Kh3 Bb6 30. bxc6 Bc7 31. Qg2 Rb8 32. Bd5 Qe3+ 33. Qf3 Rxb2 34. Bxf7+ Kxf7 35. Rd7+ Nxd7 36. Qxe3 Rh2+ 37. Kg4 h5+ 38. Kf3 Rh3+ 39. Ke2 Rxe3+ 40. Kxe3 Bb6+ 41. Ke4 Nf6+ 42. Kd3 Nd5 43. Rc1 Ke7 44. Kc4 Ne3+ 45. Kb5 Kd6 46. c7 Bxc7 47. Rc6+ Kd7 48. f6 gxf6 49. Rxf6 Ng2 50. Rf5 Nxh4 51. Rxh5 1/2-1/2

[Event "Yerevan op-A 4th"]
[Site "Yerevan"]
[Date "2022.10.17"]
[Round "8"]
[White "Harutyunian, Tigran K"]
[Black "Ritviz, Parab"]
[Result "1/2-1/2"]
[WhiteElo "2541"]
[BlackElo "2337"]
[PlyCount "118"]
[EventDate "2022.10.10"]
[EventType "swiss"]
[EventRounds "9"]
[EventCountry "ARM"]
[SourceTitle "CBM 210 Extra"]
[Source "ChessBase"]
[SourceDate "2022.11.30"]
[SourceVersion "1"]
[SourceVersionDate "2022.11.30"]
[SourceQuality "1"]

1. Nf3 d5 2. d4 Nc6 3. e3 Bg4 4. Be2 e6 5. 0-0 Nf6 6. c4 dxc4 7. Nbd2 b5 8. b3 c3 9. Bxb5 Qd5 10. Bxc6+ Qxc6 11. Nc4 Bd6 12. Ba3 Ne4 13. Nce5 Bxe5 14. Nxe5 Bxd1 15. Nxc6 c2 16. Bb4 a5 17. Nxa5 Kd7 18. Rfxd1 cxd1Q+ 19. Rxd1 Ra6 20. Be1 Rb8 21. b4 Nd6 22. a4 Nb7 23. Nxb7 Rxb7 24. a5 Rc6 25. Kf1 Rc2 26. d5 exd5 27. Rxd5+ Kc6 28. Rd4 Rb5 29. e4 f5 30. f3 Re5 31. Bd2 fxe4 32. fxe4 Kb5 33. Ke2 Ra2 34. Kf3 g5 35. Kg4 c5 36. bxc5 Kxc5 37. Be3 Kb5 38. g3 Rxh2 39. Bxg5 Kxa5 40. Bf6 Re8 41. e5 Kb5 42. Kf5 Kc5 43. Rf4 Kd5 44. Rf1 Rh5+ 45. Kg4 Rexe5 46. Bxe5 Rxe5 47. Rf6 h5+ 48. Kh4 Ke4 49. Rf1 Ra5 50. Rf4+ Ke3 51. Rf8 Rb5 52. Kh3 Ra5 53. Re8+ Kf3 54. Rf8+ Ke3 55. Kg2 Ra2+ 56. Kh3 Ra5 57. Kh4 Rb5 58. Rh8 Kf3 59. Rf8+ Kg2 1/2-1/2

[Event "Yerevan op-A 4th"]
[Site "Yerevan"]
[Date "2022.10.13"]
[Round "4"]
[White "Lagarde, Maxime"]
[Black "Ritviz, Parab"]
[Result "1/2-1/2"]
[WhiteElo "2622"]
[BlackElo "2337"]
[PlyCount "92"]
[EventDate "2022.10.10"]
[EventType "swiss"]
[EventRounds "9"]
[EventCountry "ARM"]
[SourceTitle "CBM 210 Extra"]
[Source "ChessBase"]
[SourceDate "2022.11.30"]
[SourceVersion "1"]
[SourceVersionDate "2022.11.30"]
[SourceQuality "1"]

1. d4 Nf6 2. c4 g6 3. Nf3 Bg7 4. g3 c6 5. Bg2 0-0 6. 0-0 d5 7. Nc3 Ne4 8. Bf4 Nxc3 9. bxc3 dxc4 10. a4 Qa5 11. Qc2 Nd7 12. e4 e5 13. Be3 Qc7 14. a5 Rb8 15. Nxe5 Nxe5 16. dxe5 Bxe5 17. f4 Bd6 18. Bxa7 Ra8 19. Bb6 Qe7 20. Qf2 Bc7 21. Bxc7 Qxc7 22. Qc5 Bg4 23. f5 Be2 24. Rfe1 Bd3 25. f6 Rfe8 26. e5 Qb8 27. a6 Rxa6 28. Rxa6 bxa6 29. Bxc6 Qc8 30. e6 Rxe6 31. Rxe6 Qxe6 32. Qe7 h5 33. Bd5 Qb6+ 34. Kg2 Qb2+ 35. Kf3 Be2+ 36. Qxe2 Qxc3+ 37. Kg2 Qxf6 38. Qxc4 Kg7 39. Qc7 Qf5 40. Qc3+ Kg8 41. Bc4 h4 42. Bxa6 h3+ 43. Kg1 Qb1+ 44. Bf1 Qb6+ 45. Kh1 Qb7+ 46. Kg1 Qb6+ 1/2-1/2

[Event "Dubai op 22nd"]
[Site "Dubai"]
[Date "2022.09.02"]
[Round "7"]
[White "Ritviz, Parab"]
[Black "Sandipan, Chanda"]
[Result "1/2-1/2"]
[WhiteElo "2299"]
[BlackElo "2458"]
[PlyCount "90"]
[EventDate "2022.08.27"]
[EventType "swiss"]
[EventRounds "9"]
[EventCountry "UAE"]
[SourceTitle "CBM 210 Extra"]
[Source "ChessBase"]
[SourceDate "2022.11.30"]
[SourceVersion "1"]
[SourceVersionDate "2022.11.30"]
[SourceQuality "1"]

1. e4 c5 2. Nc3 d6 3. f4 g6 4. d4 cxd4 5. Qxd4 Nf6 6. e5 Nc6 7. Bb5 Nd7 8. Bxc6 bxc6 9. e6 Nf6 10. exf7+ Kxf7 11. Nf3 Qb6 12. Qc4+ Ke8 13. Bd2 Ba6 14. Qb3 Qxb3 15. axb3 Bb7 16. 0-0 Bh6 17. b4 Nd5 18. Nxd5 cxd5 19. Be3 a6 20. Bd4 Rf8 21. g3 Kd7 22. Kg2 Rf7 23. h4 Raf8 24. Ra3 Bxf4 25. gxf4 Rxf4 26. Kg3 Rxd4 27. b5 axb5 28. Nxd4 Rxf1 29. Nxb5 Rc1 30. Rc3 Ba6 31. Nd4 e5 32. Ra3 Bb7 33. Ra7 Kc7 34. Ne6+ Kb8 35. Ra3 Rxc2 36. Rb3 d4 37. Nd8 Rc7 38. Rb6 Rd7 39. Nxb7 Rxb7 40. Rxd6 Rxb2 41. Kf3 Kc7 42. Re6 Rb3+ 43. Ke4 Re3+ 44. Kd5 d3 45. Re7+ Kb6 1/2-1/2

[Event "Dubai op 22nd"]
[Site "Dubai"]
[Date "2022.09.01"]
[Round "6"]
[White "Vignesh, NR."]
[Black "Ritviz, Parab"]
[Result "1/2-1/2"]
[WhiteElo "2467"]
[BlackElo "2299"]
[PlyCount "61"]
[EventDate "2022.08.27"]
[EventType "swiss"]
[EventRounds "9"]
[EventCountry "UAE"]
[SourceTitle "CBM 210 Extra"]
[Source "ChessBase"]
[SourceDate "2022.11.30"]
[SourceVersion "1"]
[SourceVersionDate "2022.11.30"]
[SourceQuality "1"]

1. d4 d5 2. c4 Nc6 3. Nc3 dxc4 4. d5 Ne5 5. f4 Ng6 6. e4 e6 7. dxe6 Qxd1+ 8. Kxd1 fxe6 9. Bxc4 Bc5 10. Nf3 Nf6 11. e5 Ng4 12. Ke2 Bd7 13. Ne4 Bb6 14. Rf1 Nh6 15. a4 a5 16. g3 Bc6 17. Neg5 Bd5 18. b3 Kd7 19. Bxd5 exd5 20. e6+ Kc8 21. Bb2 Nf5 22. Kd3 h6 23. Nh3 h5 24. Ne5 Nge7 25. Rae1 Bc5 26. Rc1 Be3 27. Rc2 Ra6 28. Ba3 Re8 29. Ng5 Nd4 30. Rc3 Nef5 31. Bc5 1/2-1/2